| 000 | 00401nam a2200121 4500 | ||
|---|---|---|---|
| 008 | 240729b |||||||| |||| 00| 0 eng d | ||
| 040 |
_aNational Science Library _cNational Science Library |
||
| 100 | _aDragastan, Ovidiu | ||
| 245 | _aAlge calcaroase din mezozoicul si tertiarul Romaniei | ||
| 260 |
_aBucuresti: _bEditura Academiei Republicii Socialiste, _c1980 |
||
| 300 | _a169p. | ||
| 942 |
_2udc _cBK |
||
| 999 |
_c65098 _d65098 |
||